| 000 | 00948 a2200253 4500 | ||
|---|---|---|---|
| 003 | CBULib | ||
| 005 | 20240117145857.0 | ||
| 008 | 240117b |||||||| |||| 00| 0 eng d | ||
| 040 |
_bEnglish _cCBULib _erda |
||
| 041 | _aeng | ||
| 050 | _aCBU-PG THESIS/KAS | ||
| 100 |
_aKasala, Phineas _91684 |
||
| 245 |
_aEffective use of mobile technology of WhatsApp on learners conceptual understanding and problem-solving skills in Thermal physics: a case of grade 11 pupils at Mufulira secondary school _c/ by Phineas Kasala |
||
| 260 |
_bCopperbelt University _c2021 _aKitwe |
||
| 300 | _aix, 70 pages : colour illustrations | ||
| 336 |
_2rdacontent _aText | _btxt |
||
| 337 |
_2rdamedia _aUnmediated | _bn |
||
| 338 |
_2rdacarrier _aVolume _bnc |
||
| 500 | _aIncludes bibliographical references and appendices | ||
| 650 | 0 |
_91685 _aMOBILE TECHNOLOGY |
|
| 650 | 0 |
_91686 _aTHERMAL PHYSICS |
|
| 650 | 0 |
_91687 _aPROBLEM SOLVING SKILLS |
|
| 942 |
_2lcc _c030 |
||
| 999 |
_c84018 _d84018 |
||